Návyky úspěšných
Saved in:
| Main Author | |
|---|---|
| Format | Electronic eBook |
| Language | Czech |
| Published |
Pragma
2025
|
| Edition | 1. elektronické vydání |
| Subjects | |
| Online Access | Dostupné v BOOKPORT po přihlášení pomocí eduID |
| ISBN | 978-80-284-0872-5 978-80-284-0132-0 |
| Physical Description | 1 online zdroj (192 stran) |
| LEADER | 00000nam a2200000 i 4500 | ||
|---|---|---|---|
| 001 | bkp793715905 | ||
| 003 | CZ-prgp | ||
| 005 | 20260302122621.0 | ||
| 006 | m o d | ||
| 007 | cr cn | ||
| 008 | 260302s2025 xr o 000 0 cze | ||
| 020 | |a 978-80-284-0872-5 |c 239 Kč |q (online ; epub) | ||
| 020 | |a 978-80-284-0132-0 |c 239 Kč |q (print) | ||
| 040 | |a Grada |b cze |e rda | ||
| 100 | 1 | |a Napoleon, Hill | |
| 245 | 1 | 0 | |a Návyky úspěšných |c Hill Napoleon |
| 250 | |a 1. elektronické vydání | ||
| 264 | 1 | |b Pragma |c 2025 | |
| 300 | |a 1 online zdroj (192 stran) | ||
| 336 | |a text |b txt |2 rdacontent | ||
| 337 | |a počítač |b c |2 rdamedia | ||
| 338 | |a online zdroj |b cr |2 rdacarrier | ||
| 520 | 3 | |a Autor v této knize objasňuje základní principy, jak dosáhnout úspěchu. Tematicky navazuje na svou slavnou knihu Myšlením k bohatství. Kniha sestává z rozhovorů se samotným autorem, kde se dozvíme mnoho o jeho životní trajektorii a zejména to, jak se sám vypracoval na slavného guru motivační literatury. | |
| 650 | 0 | 4 | |a Osobní rozvoj a poznání |
| 650 | 0 | 4 | |a Osobní rozvoj a kariéra |
| 650 | 0 | 4 | |a Úspěch a motivace |
| 856 | 4 | 0 | |u https://www.bookport.cz/AccountSaml/SignIn/?idp=https://shibboleth.utb.cz/idp/shibboleth&returnUrl=/kniha/navyky-uspesnych-15836/ |y Dostupné v BOOKPORT po přihlášení pomocí eduID |